00749nam a22002057a 450000500170000000800410001702000190005804000070007704100120008408200160009610000190011224500690013126000300020030000260023036500550025652001340031165000310044565000270047665000400050320260130093120.0260123b |||||||| |||| 00| 0 eng d a979-8901120415 cAL aEnglish a158.1bKALK aNisha Kalamane aKnotty decisionsb: every choice changes more than just one life aIndiabNotion Pressc2025 a253p.bPBc21.5x14cm. aEKDG-116637b₹359.10c₹d₹359.10f14-01-2026 aThis book gently invites you to face those truths, one by one, helping you find clarity, courage, and confidence in your choices. aDecision-making psychology aRelationships and Love aSelf-Awareness and Personal Growth